[Event "SM-2021-0-00441"]
[Site "LSS email"]
[Date "2021.02.25"]
[Round "?"]
[White "Guerra Lopez, Raul"]
[Black "Susla, Vitaliy"]
[Result "0-1"]
[WhiteElo "2211"]
[BlackElo "2315"]
[PlyCount "58"]
[EventDate "2020.12.31"]
[EventType "tourn (corr)"]
[EventRounds "6"]
[EventCountry "GER"]
[SourceTitle "Corr 2024"]
[Source "ChessBase"]
[SourceDate "2023.10.19"]
[SourceVersion "1"]
[SourceVersionDate "2023.10.19"]
[SourceQuality "1"]

1. e4 c5 2. Nc3 d6 3. Bb5+ Bd7 4. a4 Nf6 5. f4 Nc6 6. Nf3 e6 7. 0-0 Be7 8. d4 a6 9. Bxc6 Bxc6 10. d5 exd5 11. exd5 Bd7 12. Ne5 0-0 13. Nxd7 Qxd7 14. Qd3 b5 15. b3 Rab8 16. axb5 axb5 17. Ra5 b4 18. Nd1 Bd8 19. Ra2 Bb6 20. Kh1 c4 21. bxc4 Rfe8 22. h3 Qc7 23. Rb2 Bc5 24. Rb3 h5 25. Kh2 Ne4 26. Re1 f5 27. Qf3 h4 28. Qh5 Qe7 29. Qxf5 Ng3 0-1